Horse sense [ the key to success is finding a horse to ride

Bibliographic Details
Main Author: Ries, Al
Other Authors: TROUT, Jack
Format: Book
Published: New York : McGraw-Hill , 1991
Subjects:

MARC

LEADER 00000cam a2200000 7i4500
001 0000000043
002 000000054
005 20021031.0
090 0 0 |a 650.14   |b RIE 
100 1 |a Ries, Al 
245 1 0 |a Horse sense [  |h sound recording] :   |b the key to success is finding a horse to ride   |c Al Ries and Jack Trout 
260 |a New York :   |b McGraw-Hill ,   |c 1991 
300 |a 1 sound cassette (50 minutes) 
650 0 0 |a Job hunting 
650 0 0 |a Success in business 
700 1 |a TROUT, Jack 
999 |a KT0049   |b KASET   |c RUJUKAN   |e PERPUSTAKAAN KOMUNITI PETALING JAYA